[Event "Oberliga Baden 2324"]
[Site "Germany"]
[Date "2024.02.04"]
[Round "6.8"]
[White "Leibbrand, Udo Manfred"]
[Black "Bloessl, Walter"]
[Result "1/2-1/2"]
[WhiteElo "2049"]
[BlackElo "2028"]
[PlyCount "53"]
[EventDate "2023.09.17"]
[EventType "team-tourn"]
[EventRounds "9"]
[EventCountry "GER"]
[SourceTitle "EXT 2025"]
[Source "ChessBase"]
[SourceDate "2024.10.14"]
[SourceVersion "1"]
[SourceVersionDate "2024.10.14"]
[SourceQuality "1"]
[WhiteTeam "Pforzheim"]
[BlackTeam "Ladenburg"]
[WhiteTeamCountry "GER"]
[BlackTeamCountry "GER"]

1. c4 Nf6 2. Nf3 g6 3. g3 Bg7 4. Bg2 0-0 5. 0-0 d6 6. Nc3 e5 7. e4 Nc6 8. Rb1 a5 9. a3 Ne8 10. b4 f5 11. b5 Nd4 12. d3 Ne6 13. Ne2 fxe4 14. dxe4 Nf6 15. Ne1 g5 16. f3 Kh8 17. Nc2 Ng8 18. Ne3 Ne7 19. Bb2 Nc5 20. Qd2 Ng6 21. b6 c6 22. Rfd1 Rf6 23. Nf5 Rxf5 24. exf5 Bxf5 25. Bc3 Bxb1 26. Rxb1 d5 27. cxd5 1/2-1/2

[Event "Oberliga Baden 2324"]
[Site "Germany"]
[Date "2023.10.22"]
[Round "3.8"]
[White "Bloessl, Walter"]
[Black "Kountz, Jochen"]
[Result "1/2-1/2"]
[WhiteElo "2028"]
[BlackElo "2258"]
[PlyCount "87"]
[EventDate "2023.09.17"]
[EventType "team-tourn"]
[EventRounds "9"]
[EventCountry "GER"]
[SourceTitle "EXT 2025"]
[Source "ChessBase"]
[SourceDate "2024.10.14"]
[SourceVersion "1"]
[SourceVersionDate "2024.10.14"]
[SourceQuality "1"]
[WhiteTeam "Ladenburg"]
[BlackTeam "Untergrombach"]
[WhiteTeamCountry "GER"]
[BlackTeamCountry "GER"]

1. e4 c5 2. Nf3 Nc6 3. d3 g6 4. g3 Bg7 5. Bg2 d6 6. 0-0 Nf6 7. Re1 0-0 8. c3 e5 9. Nbd2 h6 10. a3 a5 11. a4 Be6 12. Qe2 Re8 13. Nc4 Qc7 14. Nh4 Rad8 15. Ne3 d5 16. h3 Qd7 17. g4 d4 18. Nef5 gxf5 19. gxf5 dxc3 20. fxe6 fxe6 21. bxc3 Qxd3 22. Qb2 Rd7 23. Bf1 Qd6 24. Qe2 Qe7 25. Ng2 Qf7 26. Qc4 Bf8 27. Be3 Nh5 28. Rad1 Red8 29. Rxd7 Rxd7 30. Be2 Nf4 31. Bg4 h5 32. Nxf4 hxg4 33. Ne2 gxh3 34. Kh2 Kh8 35. Rg1 Qf6 36. Rg3 Rg7 37. Rxh3+ Rh7 38. Ng1 Bh6 39. Qxc5 Bf4+ 40. Kh1 Rxh3+ 41. Nxh3 Qh6 42. Kg2 Bxe3 43. Qxe3 Qxe3 44. fxe3 1/2-1/2

[Event "Oberliga Baden 2223"]
[Site "Germany"]
[Date "2022.11.27"]
[Round "4.8"]
[White "Bloessl, Walter"]
[Black "Bittner, Thomas"]
[Result "1-0"]
[WhiteElo "2026"]
[BlackElo "2146"]
[PlyCount "42"]
[EventDate "2022.09.18"]
[EventType "team-tourn"]
[EventRounds "9"]
[EventCountry "GER"]
[SourceTitle "EXT 2024"]
[Source "ChessBase"]
[SourceDate "2023.10.10"]
[SourceVersion "1"]
[SourceVersionDate "2023.10.10"]
[SourceQuality "1"]
[WhiteTeam "Ladenburg"]
[BlackTeam "Baden-Baden III"]
[WhiteTeamCountry "GER"]
[BlackTeamCountry "GER"]

1. e4 e5 2. Nf3 Nc6 3. Bb5 Nf6 4. d3 Bc5 5. c3 d6 6. Ba4 0-0 7. Bg5 Qe7 8. Nbd2 a6 9. Nf1 Rd8 10. Ng3 Be6 11. 0-0 b5 12. Bc2 d5 13. Qe2 d4 14. Nf5 Bxf5 15. exf5 Qd6 16. Nd2 Re8 17. Bxf6 Qxf6 18. Ne4 Qe7 19. f6 gxf6 20. Qf3 f5 21. Qxf5 Kh8 1-0

[Event "Oberliga Baden 1011"]
[Site "Baden"]
[Date "2010.11.14"]
[Round "3.6"]
[White "Nabavi, Parwis"]
[Black "Bloessl, Walter"]
[Result "1-0"]
[WhiteElo "2259"]
[BlackElo "2191"]
[PlyCount "150"]
[EventDate "2010.10.10"]
[EventType "team-tourn"]
[EventRounds "9"]
[EventCountry "GER"]
[SourceTitle "EXT 2012"]
[Source "ChessBase"]
[SourceDate "2011.11.24"]
[SourceVersion "1"]
[SourceVersionDate "2011.11.24"]
[SourceQuality "1"]
[WhiteTeam "Dreisamtal"]
[BlackTeam "Ladenburg"]
[WhiteTeamCountry "GER"]
[BlackTeamCountry "GER"]

1. d4 Nf6 2. c4 g6 3. Nc3 Bg7 4. e4 d6 5. Nf3 0-0 6. Be2 e5 7. 0-0 Na6 8. Re1 c6 9. Bf1 exd4 10. Nxd4 Ng4 11. h3 Qb6 12. hxg4 Qxd4 13. g5 Qe5 14. Be3 Nc5 15. f3 Qe7 16. Qd2 Rd8 17. Rad1 Ne6 18. f4 h6 19. gxh6 Bxh6 20. f5 Bxe3+ 21. Rxe3 Ng7 22. fxg6 fxg6 23. Rg3 Kh7 24. Rd3 Bg4 25. Be2 Bxe2 26. Qxe2 Qg5 27. Qf2 Rf8 28. Qd4 Rf6 29. Rg3 Qxg3 30. Qxf6 Qe3+ 31. Qf2 Qxf2+ 32. Kxf2 Rf8+ 33. Ke3 Rf6 34. Ne2 Kh6 35. Rh1+ Kg5 36. Rh8 Re6 37. Kd3 Re8 38. Rh7 Kf6 39. Nf4 Re5 40. Rh8 Ne6 41. Nxe6 Rxe6 42. Rd8 Ke5 43. Rd7 b5 44. cxb5 cxb5 45. Rxa7 d5 46. Rb7 Ra6 47. Rxb5 Rxa2 48. exd5 Ra1 49. d6+ Ke6 50. Rg5 Kf6 51. Rd5 Ke6 52. Rd4 Kd7 53. Ke2 Ra2 54. Rd2 Ra4 55. Kf3 Rb4 56. Ke3 Rg4 57. Kf3 Rb4 58. Ke2 Rb3 59. Kd1 Rb5 60. Kc2 Rf5 61. g3 Rc5+ 62. Kb3 Rg5 63. Rd3 Rb5+ 64. Kc3 Rc5+ 65. Kb4 Rf5 66. b3 Rg5 67. Ka4 Rf5 68. b4 g5 69. b5 Rf1 70. Rd5 g4 71. Rd4 Ra1+ 72. Kb4 Rb1+ 73. Kc5 Rc1+ 74. Kb6 Rc3 75. Rxg4 Kxd6 1-0

[Event "Verbandsliga Nord Baden 0708"]
[Site "Germany"]
[Date "2008.04.06"]
[Round "8.3"]
[White "Sulzbach, Sven"]
[Black "Bloessl, Walter"]
[Result "1/2-1/2"]
[WhiteElo "2195"]
[BlackElo "2208"]
[PlyCount "123"]
[EventDate "2007.10.14"]
[EventType "team-tourn"]
[EventRounds "9"]
[EventCountry "GER"]
[SourceTitle "EXT 2009"]
[Source "ChessBase"]
[SourceDate "2008.11.26"]
[SourceVersion "1"]
[SourceVersionDate "2008.11.26"]
[SourceQuality "1"]
[WhiteTeam "Lindenhof"]
[BlackTeam "Ladenburg"]
[WhiteTeamCountry "GER"]
[BlackTeamCountry "GER"]

1. d4 Nf6 2. Nf3 g6 3. c4 Bg7 4. Nc3 0-0 5. e4 d6 6. Be2 e5 7. 0-0 Na6 8. Re1 c6 9. Bf1 exd4 10. Nxd4 Ng4 11. h3 Qb6 12. hxg4 Qxd4 13. Qxd4 Bxd4 14. g5 Nc5 15. Rd1 Bxc3 16. bxc3 Nxe4 17. f3 Ng3 18. Rxd6 Be6 19. Bd3 c5 20. Be3 b6 21. Bf4 Nh5 22. Bh2 Rad8 23. Rxd8 Rxd8 24. Be2 f5 25. Be5 f4 26. Bf1 Bf5 27. a4 Re8 28. Bd6 Re6 29. Bb8 a5 30. Kf2 h6 31. gxh6 g5 32. Re1 Rxh6 33. Re7 Bc2 34. Be5 Bxa4 35. Bd3 Bb3 36. Ra7 a4 37. Be4 Bxc4 38. Rxa4 b5 39. Ra7 b4 40. Rc7 b3 41. Rxc5 Re6 42. Bd4 b2 43. Rxc4 Rxe4 44. Rb4 Re6 45. Rxb2 Ng3 46. c4 Kf7 47. c5 Ke8 48. Bc3 Kd7 49. Rb7+ Kc8 50. Rb2 Kd7 51. Rc2 Kc6 52. Ba5 Re8 53. Bb4 Rb8 54. Rb2 Re8 55. Rb1 Re2+ 56. Kg1 Rc2 57. Kh2 Nf5 58. Kh3 Ne3 59. g3 Rg2 60. gxf4 gxf4 61. Kh4 Rg3 62. Bd2 1/2-1/2

[Event "Verbandsliga Nord Baden 0708"]
[Site "Germany"]
[Date "2008.02.17"]
[Round "6.3"]
[White "Bloessl, Walter"]
[Black "Rosner, Jonas"]
[Result "1/2-1/2"]
[WhiteElo "2208"]
[BlackElo "2106"]
[PlyCount "139"]
[EventDate "2007.10.14"]
[EventType "team-tourn"]
[EventRounds "9"]
[EventCountry "GER"]
[SourceTitle "EXT 2009"]
[Source "ChessBase"]
[SourceDate "2008.11.26"]
[SourceVersion "1"]
[SourceVersionDate "2008.11.26"]
[SourceQuality "1"]
[WhiteTeam "Ladenburg"]
[BlackTeam "Ettlingen"]
[WhiteTeamCountry "GER"]
[BlackTeamCountry "GER"]

1. e4 c5 2. Nc3 Nc6 3. Nge2 g6 4. d3 Bg7 5. Be3 d6 6. Qd2 Nd4 7. f4 e6 8. Bxd4 cxd4 9. Nb5 Qb6 10. Qb4 Kd7 11. a3 e5 12. Qc4 Ne7 13. a4 Rf8 14. a5 Qc6 15. Qb3 Kd8 16. c3 dxc3 17. Rc1 Be6 18. Qb4 Qc5 19. Qxc5 dxc5 20. bxc3 a6 21. Na3 Nc6 22. fxe5 Bxe5 23. d4 cxd4 24. cxd4 Bd6 25. Nc4 Bxc4 26. Rxc4 Nxa5 27. Ra4 b5 28. Ra2 Kd7 29. Kf2 Nc6 30. Ke3 Rfc8 31. g3 Ke8 32. Bh3 Rcb8 33. e5 Bxe5 34. dxe5 Nxe5 35. Nd4 Nc4+ 36. Kd3 Rb6 37. Re1+ Kf8 38. Kc3 Nd6 39. Kb4 Ra7 40. Bg2 Rc7 41. Bd5 Nc4 42. Bxc4 Rxc4+ 43. Ka5 Rf6 44. Nb3 Rc3 45. Kb4 Rc4+ 46. Ka5 Rf3 47. Rb1 Rcc3 48. Kb4 Rc4+ 49. Ka5 Rfc3 50. Rbb2 Rc6 51. Nd2 f5 52. Kb4 Rc1 53. Rb1 R6c2 54. Rxc2 Rxc2 55. Nf3 Ra2 56. Rb3 Ke7 57. Kc5 Kf6 58. h4 Rg2 59. Nd4 h6 60. Re3 Kf7 61. Kd5 Rb2 62. Rc3 a5 63. Rc7+ Kf6 64. Rc6+ Kf7 65. Rc7+ Kf6 66. Z0 g5 67. h5 f4 68. g4 b4 69. Rc6+ Kf7 70. Nf5 1/2-1/2

[Event "Oberliga Baden 0607"]
[Site "Germany"]
[Date "2007.02.25"]
[Round "6.5"]
[White "Neunhoeffer, Helmut"]
[Black "Bloessl, Walter"]
[Result "1/2-1/2"]
[WhiteElo "2305"]
[BlackElo "2195"]
[PlyCount "82"]
[EventDate "2006.10.15"]
[EventType "team-tourn"]
[EventRounds "9"]
[EventCountry "GER"]
[SourceTitle "EXT 2008"]
[Source "ChessBase"]
[SourceDate "2007.11.25"]
[SourceVersion "1"]
[SourceVersionDate "2007.11.25"]
[SourceQuality "1"]
[WhiteTeam "Heidelberg"]
[BlackTeam "Ladenburg"]
[WhiteTeamCountry "GER"]
[BlackTeamCountry "GER"]

1. d4 Nf6 2. c4 g6 3. Nc3 Bg7 4. e4 0-0 5. Nf3 d6 6. Be3 Ng4 7. Bg5 h6 8. Bh4 g5 9. Bg3 f5 10. exf5 Bxf5 11. Bd3 Qd7 12. h3 Nf6 13. Qc2 Nh5 14. Bxf5 Rxf5 15. 0-0-0 Nxg3 16. fxg3 Nc6 17. Rhe1 Raf8 18. Qe4 a6 19. Nd5 e5 20. g4 R5f7 21. dxe5 Nxe5 22. Nxe5 Bxe5 23. Qxe5 dxe5 24. Nf6+ Rxf6 25. Rxd7 Rc6 26. Rxe5 Rxc4+ 27. Kd2 Rf7 28. Ree7 Rd4+ 29. Rxd4 Rxe7 30. a4 a5 31. Kd3 Kf7 32. Kc4 Kf6 33. Rd2 Re5 34. Rd7 Re2 35. b3 Rxg2 36. Kb5 Rg3 37. Rxc7 Rxb3+ 38. Kxa5 Ke5 39. Rh7 Rxh3 40. Rxb7 h5 41. gxh5 Rxh5 1/2-1/2

[Event "Oberliga Baden 0607"]
[Site "Germany"]
[Date "2006.11.19"]
[Round "3.6"]
[White "Bloessl, Walter"]
[Black "Dudek, Richard"]
[Result "1-0"]
[WhiteElo "2195"]
[BlackElo "2279"]
[PlyCount "115"]
[EventDate "2006.10.15"]
[EventType "team-tourn"]
[EventRounds "9"]
[EventCountry "GER"]
[SourceTitle "CBM 115 Extra"]
[Source "ChessBase"]
[SourceDate "2007.01.10"]
[SourceVersion "1"]
[SourceVersionDate "2007.01.10"]
[SourceQuality "1"]
[WhiteTeam "Ladenburg"]
[BlackTeam "Eppingen II"]
[WhiteTeamCountry "GER"]
[BlackTeamCountry "GER"]

1. e4 c6 2. d3 d5 3. Nd2 g6 4. g3 Bg7 5. Bg2 Nf6 6. Ngf3 Bg4 7. h3 Bxf3 8. Qxf3 e6 9. 0-0 0-0 10. Qe2 Nbd7 11. Re1 Qb6 12. e5 Nh5 13. d4 Nxg3 14. fxg3 Qxd4+ 15. Kh2 Nxe5 16. Nf3 Nxf3+ 17. Bxf3 e5 18. Be3 Qxb2 19. Rab1 Qa3 20. Rxb7 e4 21. Bg2 Qxa2 22. Qf2 f5 23. Rxg7+ Kxg7 24. Bd4+ Kg8 25. Ra1 Qc4 26. Bf1 Qb4 27. c3 Qb7 28. Ba6 Qc7 29. Be3 Rf7 30. Rb1 Qa5 31. Bf1 Qxc3 32. Rc1 Qf6 33. Bd4 Qd6 34. Qf4 Qxf4 35. gxf4 Rc8 36. Ba6 Rcc7 37. Rc5 Rfe7 38. Kg3 Kf7 39. Kf2 Ke6 40. Be5 Kd7 41. Ke3 Rxe5 42. fxe5 Ke6 43. Kd4 f4 44. Bb5 e3 45. Be2 h5 46. h4 Kf5 47. Bd3+ Kg4 48. Bxg6 e2 49. Rc1 c5+ 50. Kd3 f3 51. Ke3 Re7 52. Rg1+ Kxh4 53. Kf4 Kh3 54. Kxf3 Kh4 55. Kf4 Kh3 56. Re1 Rb7 57. Rxe2 Rb4+ 58. Kf3 1-0

[Event "Oberliga Baden 0607"]
[Site "Germany"]
[Date "2006.10.15"]
[Round "1.5"]
[White "Tschann, Stephan"]
[Black "Bloessl, Walter"]
[Result "1/2-1/2"]
[WhiteElo "2201"]
[BlackElo "2195"]
[PlyCount "62"]
[EventDate "2006.10.15"]
[EventType "team-tourn"]
[EventRounds "9"]
[EventCountry "GER"]
[SourceTitle "CBM 115 Extra"]
[Source "ChessBase"]
[SourceDate "2007.01.10"]
[SourceVersion "1"]
[SourceVersionDate "2007.01.10"]
[SourceQuality "1"]
[WhiteTeam "Waldshut"]
[BlackTeam "Ladenburg"]
[WhiteTeamCountry "GER"]
[BlackTeamCountry "GER"]

1. d4 Nf6 2. c4 g6 3. Nc3 Bg7 4. e4 d6 5. Nf3 0-0 6. Be2 e5 7. Be3 c6 8. Qd2 Ng4 9. Bg5 f6 10. Bh4 Na6 11. Rd1 Qa5 12. 0-0 h5 13. c5 exd4 14. Qxd4 dxc5 15. Qc4+ Kh7 16. e5 b5 17. Qe4 Qb4 18. Qxc6 Rb8 19. exf6 Nxf6 20. Bxf6 Rxf6 21. Ng5+ Kh6 22. Qd5 Qf4 23. Nge4 Bb7 24. Qd3 c4 25. Qb1 Re6 26. f3 b4 27. Nd5 Bxd5 28. Rxd5 c3 29. Bxa6 Rxa6 30. Qd3 Rxa2 31. g3 Qc7 1/2-1/2

[Event "Oberliga Baden 0506"]
[Site "Germany"]
[Date "2006.01.29"]
[Round "6.7"]
[White "Bloessl, Walter"]
[Black "Schmider, Bernd"]
[Result "1-0"]
[WhiteElo "2209"]
[BlackElo "2191"]
[PlyCount "59"]
[EventDate "2005.10.23"]
[EventType "team-tourn"]
[EventRounds "9"]
[EventCountry "GER"]
[SourceTitle "EXT 2007"]
[Source "ChessBase"]
[SourceDate "2006.11.23"]
[SourceVersion "1"]
[SourceVersionDate "2006.11.23"]
[SourceQuality "1"]
[WhiteTeam "Ladenburg"]
[BlackTeam "Lahr"]
[WhiteTeamCountry "GER"]
[BlackTeamCountry "GER"]

1. e4 Nf6 2. e5 Nd5 3. c4 Nb6 4. d4 d6 5. exd6 cxd6 6. Nc3 g6 7. Bd3 Bg7 8. Nge2 Nc6 9. Be3 e5 10. dxe5 dxe5 11. 0-0 0-0 12. Bc5 Re8 13. b3 Be6 14. Be4 Nd7 15. Bd6 Rc8 16. Rc1 Qb6 17. Na4 Qa6 18. c5 Nd4 19. Nxd4 exd4 20. Qf3 Rc6 21. Bxc6 bxc6 22. Rfe1 Rc8 23. Rcd1 Qa5 24. Re2 Qd8 25. h3 Qg5 26. Qg3 Qh5 27. Rde1 Bf6 28. Qd3 Qd5 29. g4 h5 30. Rxe6 1-0

[Event "Oberliga Baden 0506"]
[Site "Germany"]
[Date "2006.01.15"]
[Round "5.7"]
[White "Wenner, Tobias"]
[Black "Bloessl, Walter"]
[Result "1/2-1/2"]
[WhiteElo "2190"]
[BlackElo "2209"]
[PlyCount "123"]
[EventDate "2005.10.23"]
[EventType "team-tourn"]
[EventRounds "9"]
[EventCountry "GER"]
[SourceTitle "EXT 2007"]
[Source "ChessBase"]
[SourceDate "2006.11.23"]
[SourceVersion "1"]
[SourceVersionDate "2006.11.23"]
[SourceQuality "1"]
[WhiteTeam "Eppingen II"]
[BlackTeam "Ladenburg"]
[WhiteTeamCountry "GER"]
[BlackTeamCountry "GER"]

1. Nf3 Nf6 2. c4 g6 3. g3 Bg7 4. Bg2 0-0 5. 0-0 d6 6. d4 Nbd7 7. Nc3 e5 8. e4 c6 9. Rb1 exd4 10. Nxd4 Re8 11. Re1 a5 12. Bf4 Ne5 13. b3 Nfd7 14. h3 Nc5 15. Re2 a4 16. Rd2 axb3 17. axb3 Qe7 18. Be3 h5 19. f4 Ned7 20. Bf2 Nf6 21. b4 Ncxe4 22. Nxe4 Nxe4 23. Bxe4 Qxe4 24. Re2 Bxd4 25. Rxe4 Bxf2+ 26. Kxf2 Rxe4 27. Ra1 Rxa1 28. Qxa1 Bxh3 29. c5 dxc5 30. bxc5 Bg4 31. Qa8+ Kg7 32. Qxb7 Re2+ 33. Kf1 Re6 34. Qb2+ Kf8 35. Qb8+ Ke7 36. Qb7+ Kf6 37. Qb2+ Ke7 38. Qb7+ Kf8 39. Qb8+ Kg7 40. Qb2+ Kh7 41. Qb7 Rf6 42. Qe7 Rf5 43. Kg2 Bd1 44. Qe3 Ba4 45. Kh2 Bb5 46. Qd4 Rd5 47. Qc3 Kg8 48. Kg2 Rd3 49. Qc2 Rd5 50. Qc3 Bd3 51. Kf2 Bf5 52. Qe3 Be6 53. Qa3 Rd2+ 54. Ke3 Ra2 55. Qc3 Ra4 56. Qb2 Bd5 57. f5 Re4+ 58. Kf2 gxf5 59. Qf6 Rc4 60. Qg5+ Kf8 61. Qd8+ Kg7 62. Qg5+ 1/2-1/2

[Event "Oberliga Baden 0506"]
[Site "Germany"]
[Date "2005.11.27"]
[Round "3.6"]
[White "Bloessl, Walter"]
[Black "Haller, Peter"]
[Result "1-0"]
[WhiteElo "2209"]
[BlackElo "2093"]
[PlyCount "47"]
[EventDate "2005.10.23"]
[EventType "team-tourn"]
[EventRounds "9"]
[EventCountry "GER"]
[SourceTitle "EXT 2007"]
[Source "ChessBase"]
[SourceDate "2006.11.23"]
[SourceVersion "1"]
[SourceVersionDate "2006.11.23"]
[SourceQuality "1"]
[WhiteTeam "Ladenburg"]
[BlackTeam "Lampertheim"]
[WhiteTeamCountry "GER"]
[BlackTeamCountry "GER"]

1. e4 c5 2. Nc3 Nc6 3. Nge2 e6 4. g3 d5 5. exd5 exd5 6. d3 Nf6 7. Bg5 Be7 8. Bg2 d4 9. Bxf6 Bxf6 10. Ne4 Be7 11. Nf4 g6 12. 0-0 0-0 13. a3 Rb8 14. Nd5 Re8 15. Re1 Be6 16. Nxe7+ Qxe7 17. Qd2 f6 18. b4 cxb4 19. axb4 a6 20. Qf4 Kg7 21. Nc5 Ne5 22. Qxd4 Bh3 23. f4 Bxg2 24. Kxg2 1-0

[Event "Oberliga Baden 0506"]
[Site "Germany"]
[Date "2005.10.23"]
[Round "1.7"]
[White "Deschler, Fabrice"]
[Black "Bloessl, Walter"]
[Result "1/2-1/2"]
[WhiteElo "2167"]
[BlackElo "2209"]
[PlyCount "81"]
[EventDate "2005.10.23"]
[EventType "team-tourn"]
[EventRounds "9"]
[EventCountry "GER"]
[SourceTitle "EXT 2007"]
[Source "ChessBase"]
[SourceDate "2006.11.23"]
[SourceVersion "1"]
[SourceVersionDate "2006.11.23"]
[SourceQuality "1"]
[WhiteTeam "Freiburg"]
[BlackTeam "Ladenburg"]
[WhiteTeamCountry "GER"]
[BlackTeamCountry "GER"]

1. Nf3 Nf6 2. d4 g6 3. c4 Bg7 4. Nc3 0-0 5. e4 d6 6. Be2 e5 7. Be3 Na6 8. d5 Ng4 9. Bg5 f6 10. Bh4 Nh6 11. Nd2 c5 12. dxc6 bxc6 13. f3 Kh8 14. Rb1 Nc7 15. 0-0 Ne6 16. b4 Nd4 17. Nb3 Nxe2+ 18. Nxe2 Be6 19. Na5 d5 20. Nxc6 Qb6+ 21. Bf2 Qxc6 22. cxd5 Qc4 23. dxe6 Rfd8 24. Qe1 Qxa2 25. e7 Rd7 26. Nc3 Qe6 27. Nd5 Ng8 28. Bc5 f5 29. Qh4 Nf6 30. Nxf6 Bxf6 31. exf5 Qxf5 32. Qe4 Qxe4 33. fxe4 Bxe7 34. Rfd1 Rad8 35. Rxd7 Rxd7 36. Be3 Rb7 37. b5 Kg7 38. Ra1 Rxb5 39. Rxa7 Kf6 40. Ra6+ Kf7 41. Ra7 1/2-1/2

[Event "Baden VLN 0304"]
[Site "Baden"]
[Date "2004.05.02"]
[Round "9.6"]
[White "Bender, Stefan"]
[Black "Bloessl, Walter"]
[Result "1/2-1/2"]
[WhiteElo "2265"]
[BlackElo "2250"]
[PlyCount "84"]
[EventDate "2003.10.12"]
[EventType "team-tourn"]
[EventRounds "9"]
[EventCountry "GER"]
[SourceTitle "EXT 2022"]
[Source "ChessBase"]
[SourceDate "2021.10.06"]
[SourceVersion "1"]
[SourceVersionDate "2021.10.06"]
[SourceQuality "1"]
[WhiteTeam "Neckargemuend"]
[BlackTeam "Ladenburg"]
[WhiteTeamCountry "GER"]
[BlackTeamCountry "GER"]

1. d4 Nf6 2. c4 g6 3. Nc3 Bg7 4. e4 d6 5. f3 0-0 6. Bg5 a6 7. Qd2 c5 8. d5 b5 9. cxb5 Qa5 10. a4 axb5 11. Bxb5 Ba6 12. Bxa6 Nxa6 13. Nb5 Nb4 14. Kf1 Rfb8 15. Ra3 Qd8 16. Ne2 Ne8 17. g3 Qd7 18. Kg2 Nc7 19. Nxc7 Qxc7 20. Nc3 Qd7 21. Nb5 Na6 22. Rb1 Rb7 23. Qc2 Rab8 24. b3 Nb4 25. Qc1 f5 26. Qc4 fxe4 27. fxe4 Qg4 28. Bf4 g5 29. h3 Qh5 30. g4 Qg6 31. Bd2 Rf8 32. Bxb4 cxb4 33. Ra2 Rbb8 34. Rf2 Rxf2+ 35. Kxf2 Qf6+ 36. Kg2 Rf8 37. Rf1 Qb2+ 38. Kg1 Be5 39. Rxf8+ Kxf8 40. Qd3 Kg7 41. Qf3 h6 42. Kf1 Qb1+ 1/2-1/2